000 00342nam a2200169Ia 4500
100 _aBishop/Owen
650 _aAmplifiers
942 _cBK
366 _f20
654 _aamplifiers
245 _aUnderstand amplifiers
260 _bNewnes
_c1998
082 _a621.381535
_bBIS
300 _a196
546 _aENGLISH
_cTTL
999 _c21749
_d21749